|
|
|
|
| LEADER |
00000nam a2200000 a 4500 |
| 001 |
vtls010192019 |
| 003 |
SK-MaSNL |
| 005 |
20260302045006.0 |
| 008 |
240314s2010 hu n 000 0dhun |
| 015 |
|
|
|a SNBZSA2011-00981
|
| 020 |
|
|
|a 9789634465881
|q (brož.)
|
| 040 |
|
|
|a SNK
|b slo
|c SNK
|e AACR2
|
| 041 |
0 |
|
|a hun
|
| 043 |
|
|
|a e-hu---
|a e-xo---
|
| 044 |
|
|
|a hu
|c HU
|
| 072 |
|
7 |
|a 821.511.1
|x Ugrofínske literatúry
|2 konspekt
|
| 080 |
|
|
|a 821.511.141.09
|2 2001
|
| 080 |
|
|
|a 82(091):821.511.141-3
|2 2001
|
| 100 |
1 |
|
|a Hajdu, Péter,
|d 1966-
|4 aut
|9 701490
|
| 245 |
1 |
0 |
|a Tudás és elbeszélés
|b a Mikszáth-kispróza rejtelmei
|c Hajdu Péter
|
| 260 |
|
|
|a Budapest
|b Argumentum
|c 2010
|
| 300 |
|
|
|a 240 s.
|c 19 cm
|
| 490 |
1 |
|
|a Irodalomtörténeti füzetek
|v 168. szám
|
| 504 |
|
|
|a Bibliogr. s. 213-224
|
| 600 |
1 |
7 |
|a Mikszáth, Kálmán,
|d 1847-1910
|2 SNKMA
|9 89516
|
| 650 |
0 |
7 |
|a maďarskí spisovatelia
|2 SNKPH
|9 55632
|
| 650 |
0 |
7 |
|a maďarská próza
|2 SNKPH
|9 1194
|
| 655 |
|
7 |
|a štúdie
|2 SNKPH
|9 57033
|
| 830 |
|
0 |
|a Irodalomtörténeti füzetek
|9 295728
|
| 852 |
|
|
|a Slovenská národná knižnica
|
| 919 |
|
|
|a 978-963-446-588-1
|
| 954 |
|
|
|a odborná, vedecká literatúra cudzojazyčná (svetová)
|2 lita
|
| 958 |
|
|
|a ZS
|
| 958 |
|
|
|a BX
|
| 958 |
|
|
|a LX
|
| 958 |
|
|
|a HU
|
| 958 |
|
|
|a NB
|
| 999 |
|
|
|c 1091925
|d 1093855
|
| 952 |
|
|
|a SNK
|b SNK
|y PREZ
|7 0
|p 17A0681549
|o snkSD 79750
|i snk2010/27736
|8 2
|g 8.34
|0 0
|1 0
|4 0
|d 2010-11-25
|l 0
|r 2025-11-27 00:00:00
|w 2026-02-24
|